| 000 | 00680nam a2200217Ia 4500 | ||
|---|---|---|---|
| 003 | GCL | ||
| 008 | 140319s9999 xx 000 0 ara d | ||
| 040 |
_aGCL / _cGCL |
||
| 082 | 0 | 4 |
_a327.17 _bر ك |
| 100 | 1 | _aحسين طه الفقير | |
| 245 | 1 | 0 |
_aالكويت والتنمية العربية : السودان / _cحسين طه الفقير |
| 700 | 1 | _aرمضان على الشراح | |
| 300 | _a93 ص | ||
| 490 | _a | ||
| 650 | 0 | 4 | _aالكويت |
| 650 | 0 | 4 | _aالسودان |
| 650 | 0 | 4 | _aالتعاون الدولى |
| 650 | 0 | 4 | _aالكويت - العلاقات الخارجية |
| 650 | 0 | 4 | _aالسودان - العلاقات الخارجية |
| 942 |
_2ddc _cBK |
||
| 999 |
_c41562 _d41562 |
||